000 00364 a2200109 4500
001 ART_5501
005 20260410161827.0
008 260409a
245 1 0 _aCampo y horizonte de expectativas como determinantes de la politica económica
100 1 _aVoigt, Fritz
773 0 _tEstudios Económicos
_g- Vol. 1, Nº 1/2 (ene./dic. 1982)
_wREV5080
999 _c22899
_d22899